[Event "34th Chess Olympiad (women)"]
[Site "Istanbul"]
[Date "2000.11.12"]
[Round "14.20.1"]
[White "Leite, Catarina"]
[Black "Mira, Helene"]
[WhiteElo "2089"]
[BlackElo "2118"]
[WhiteCountry "POR"]
[BlackCountry "AUT"]
[Result "0-1"]

1. e4 g6 2. d4 d6 3. Nf3 Bg7 4. c3 Nf6 5. Bd3 O-O 6. O-O Nbd7 7. Bg5 h6 
8. Bh4 e5 9. Nbd2 Qe8 10. dxe5 dxe5 11. Qe2 Nh5 12. Bg3 Nf4 13. Bxf4 exf4 
14. Rfe1 Ne5 15. Nxe5 Bxe5 16. Nc4 Bd7 17. Rad1 Rd8 18. Rd2 Qe7 19. Nxe5 Qxe5 
20. Red1 Ba4 21. Bc2 Rxd2 22. Qxd2 Bxc2 23. Qxc2 Re8 24. f3 Qc5+ 25. Qf2 Qxf2+ 
26. Kxf2 Re6 27. g3 fxg3+ 28. hxg3 Rd6 29. Rd4 f6 30. f4 Kf7 31. Kf3 Ke6 
32. g4 g5 33. Rxd6+ Kxd6 34. Ke3 Kc5 35. b3 b5 36. f5 Kd6 37. Kd4 c5+ 
38. Ke3 Ke5 39. c4 b4 
0-1

[Event "34th Chess Olympiad (women)"]
[Site "Istanbul"]
[Date "2000.11.12"]
[Round "14.20.2"]
[White "Sommer, Sonja"]
[Black "Carvalho, Alda"]
[WhiteElo "2054"]
[BlackElo "2063"]
[WhiteCountry "AUT"]
[BlackCountry "POR"]
[Result "0-1"]

1. e4 e5 2. Nf3 Nc6 3. d4 exd4 4. Nxd4 g6 5. Be3 Bg7 6. Nc3 Nf6 7. Be2 O-O 
8. Qd2 Re8 9. Bf3 Ne5 10. Be2 d5 11. exd5 Nxd5 12. Nxd5 Qxd5 13. O-O Nc4 
14. Bxc4 Qxc4 15. c3 b6 16. Qe2 Qd5 17. Qf3 Qxf3 18. Nxf3 Bb7 19. Nd4 Re7 
20. Rfd1 Rae8 21. h3 a6 22. Rd2 h6 23. Rad1 f5 24. Nc2 c5 25. Rd6 Re6 
26. Rxe6 Rxe6 27. Rd7 Be4 28. Ne1 g5 29. Nd3 f4 30. Bd2 Bc6 31. Rd8+ Kf7 
32. Ne1 Bf6 33. Rd3 Bb5 34. Rd5 Bc6 35. Rd3 c4 36. Rd4 Bxd4 37. cxd4 Be4 
38. Bc3 Re8 39. Nf3 Bxf3 40. gxf3 Ke6 41. Kg2 Kd5 42. Kf1 b5 43. a3 Re6 
44. Kg2 a5 45. Kf1 Re8 46. Bxa5 Kxd4 47. Bc3+ Kd3 48. Bb4 Re2 49. Bf8 h5 
0-1

[Event "34th Chess Olympiad (women)"]
[Site "Istanbul"]
[Date "2000.11.12"]
[Round "14.20.3"]
[White "Coimbra, Margarida"]
[Black "Krasser, Margit"]
[WhiteElo "2043"]
[BlackElo "2061"]
[WhiteCountry "POR"]
[BlackCountry "AUT"]
[Result "1-0"]

1. e4 d5 2. exd5 Qxd5 3. Nc3 Qa5 4. d4 Nf6 5. Nf3 Bg4 6. h3 Bh5 7. g4 Bg6 
8. Ne5 e6 9. Bg2 c6 10. Bd2 Qb6 11. Nxg6 hxg6 12. g5 Nh5 13. Qg4 Nd7 
14. O-O-O Qc7 15. Rhe1 O-O-O 16. Kb1 Nb6 17. Bc1 Bb4 18. Rd3 Rd7 19. Red1 Rhd8 
20. Ne2 Nc4 21. Nf4 Nxf4 22. Qxf4 Bd6 23. Qe4 a5 24. Rc3 Nb6 25. Qe2 Bf4 
26. Rcd3 Nd5 27. Bxd5 Rxd5 28. Qg4 Rf5 29. Rf3 Bxc1 30. Kxc1 Rdd5 31. h4 Rxf3 
32. Qxf3 Rf5 33. Qa3 Qf4+ 34. Kb1 Qxf2 35. Qf8+ Kc7 36. Qe7+ Kb6 37. Qd8+ Kb5 
38. Qc8 Qxd4 39. Qxb7+ Qb6 40. a4+ Kc5 41. Qe7+ Kc4 42. b3+ 
1-0